000 00620nam a2200241Ia 4500
003 OSt
005 20221005115554.0
006 a|||||r|||| 00| 0
007 ta
008 221004b |||||||| |||| 00| 0 mal d
024 _a59342
037 _cTextual
040 _aCRL
_cCRL
_bmal
041 _2mal
_amal
082 _aV41:192.2.N62, 32K2
100 _aSinha Satyanarayan Au.
_9627774
245 0 _aChinese aggression
260 _c1962
300 _a171p.
_ccm.
650 _aHISTORY
942 _hV41:192.2.N62, 32K2
_cTEXL
_2cc
999 _c1035245
_d1035245